| 000 | 00701nam a2200169 a 4500 | ||
|---|---|---|---|
| 008 | 120416s1975 ||||||||||||||||| || u | ||
| 050 | _aHD 69.S6 Gre | ||
| 100 | _aGreene, Gardiner G | ||
| 245 | 1 | 0 | _aHow to start and manage your own business |
| 260 |
_aNew York _bMcGraw-Hill _c1975 |
||
| 300 | _ax, 243 pages | ||
| 350 | _a0.00 | ||
| 650 | _aBUSINESS MANAGEMENT | ||
| 650 | 0 | _aBUSINESS | |
| 995 |
_aANNEX COLLECTION (Main Library) _D0.00 _e717580 _FCBU-MAIN LIBRARY (Kitwe) _H2 _I0.00 _jHD 69.S6 Gre _M1 _UAVAILABLE _y004621 _ZAnnex Low-Usage Collection |
||
| 995 |
_aBINDERY (DAMAGED) _D0.00 _e706178 _FCBU-MAIN LIBRARY (Kitwe) _H1 _I0.00 _jHD 69.S6 Gre _M2 _UDAMAGED _y004622 _ZMain Library Open Access Collection |
||
| 999 |
_c76201 _d76201 |
||